000
00340cam a2200145ua 4500
041
_a
eng
_h
082
_a
891.2
_b
KEI/HI
100
_a
Keith, Berriedale .
245
_a
History of sanskrit literature
260
_a
Calcutta :
_b
Oxford University Press ,
_c
1920.
300
_a
578 ; .
504
_a
942
_c
BK
999
_c
3145
_d
3145